000 00786cam a2200265 4500500
005 20260329010131.0
041 _afre
042 _adc
100 1 0 _aLarmagnac-Matheron, Octave
_eauthor
700 1 0 _aOrtoli, Sven
_eauthor
245 0 0 _aTolkien : races et histoires
260 _c2022.
500 _a26
690 _aAnneau
690 _aHeroic fantasy
690 _aImmortalité
690 _aMagie
690 _aMythe
690 _aMythes
690 _aRaces
690 _aSeigneur des Anneaux
690 _aTolkien
786 0 _nPhilosophie magazine - Hors séries | Hors série - Été-Autome 2022 | HS54 | 2022-07-01 | p. 9-11 | 2104-9246
856 4 1 _uhttps://shs.cairn.info/magazine-philosophie-magazine-2022-hs54-page-9?lang=fr&redirect-ssocas=7080
999 _c1849734
_d1849734